Trace the coast of the world (Hard(no map)) - Statistics

General Stats
  • This quiz has been taken 3,992 times
    645 since last reset
  • The average score is 114 of 146
Answer Stats
Hint Answer % Correct
Asia Russia
99%
North America Canada
97%
North America* United States
97%
North America United States
94%
North America Mexico
93%
North America Belize
87%
North America Guatemala
87%
South America Colombia
86%
South America Venezuela
86%
South America Argentina
85%
South America Brazil
85%
South America Chile
85%
North America Costa Rica
85%
South America Guyana
85%
North America Honduras
85%
North America Nicaragua
85%
North America Panama
85%
South America Suriname
85%
South America Uruguay
85%
South America Colombia
84%
North America Costa Rica
84%
South America Ecuador
84%
South America* France
84%
North America Nicaragua
84%
North America Panama
84%
South America Peru
84%
Asia* Russia
84%
North America Canada
83%
North America Canada
83%
North America El Salvador
83%
North America Guatemala
83%
North America Honduras
83%
North America Mexico
83%
Asia South Korea
83%
North America United States
83%
North America United States
83%
North America United States
83%
Asia Cambodia
82%
Asia China
82%
Asia North Korea
82%
Asia North Korea
82%
Asia Vietnam
82%
Asia Bangladesh
81%
Asia India
81%
Asia Malaysia
81%
Asia Myanmar
81%
Asia Pakistan
81%
Asia Thailand
81%
Asia Iran
80%
Asia Iraq
80%
Asia Kuwait
80%
Asia Oman
80%
Asia Qatar
80%
Asia Saudi arabia
80%
Asia Saudi Arabia
80%
Asia Saudi Arabia
80%
Asia Thailand
80%
Asia United Arab Emirates
80%
Asia Yemen
80%
Africa Egypt
79%
Africa Sudan
79%
Africa Angola
78%
Africa Djibouti
78%
Africa DR Congo
78%
Africa Eritrea
78%
Asia Israel
78%
Asia Jordan
78%
Africa Kenya
78%
Africa Mozambique
78%
Africa Namibia
78%
Asia Oman
78%
Africa Somalia
78%
Africa South Africa
78%
Africa Tanzania
78%
Asia United Arab Emirates
78%
Africa Benin
77%
Africa Cameroon
77%
Africa Ghana
77%
Africa Ivory Coast
77%
Africa Nigeria
77%
Africa Togo
77%
Africa Algeria
76%
Africa Egypt
76%
Africa Equatorial Guinea
76%
Africa Gabon
76%
Africa Gambia
76%
Asia Israel
76%
Asia Lebanon
76%
Africa Liberia
76%
Africa Libya
76%
Africa Mauritania
76%
Africa Morocco
76%
Africa Morocco
76%
Africa Republic of the Congo
76%
Africa Senegal
76%
Africa Senegal
76%
Africa Sierra Leone
76%
Asia Syria
76%
Africa Tunisia
76%
Asia Turkey
76%
Africa Guinea
75%
Africa Guinea Bissau
75%
Africa Morocco
75%
Africa Angola
74%
Africa* Spain
74%
Africa* Spain
74%
Asia Georgia
73%
Europe Russia
73%
Asia Turkey
73%
Europe Greece
72%
Europe Russia
72%
Europe Ukraine
72%
Europe Albania
71%
Europe Bosnia and Herzegovina
71%
Europe Bulgaria
71%
Europe Italy
71%
Europe Montenegro
71%
Europe Romania
71%
Europe Croatia
70%
Europe Croatia
70%
Europe France
70%
Europe France
70%
Europe Monaco
70%
Europe Portugal
70%
Europe Slovenia
70%
Europe Spain
70%
Europe Spain
70%
Europe Ukraine
70%
Europe Belgium
69%
Europe Denmark
69%
Europe Estonia
69%
Europe France
69%
Europe Germany
69%
Europe Germany
69%
Europe Latvia
69%
Europe Lithuania
69%
Europe Netherlands
69%
Europe Poland
69%
Europe Russia
69%
Europe Russia
69%
Europe Spain
69%
Europe Finland
68%
Europe Norway
68%
Europe Russia
68%
Europe Sweden
68%
Europe* United Kingdom
68%
No matching quizzes found
Score Distribution
Percent of People with Each Score
Percentile by Number Answered
Your Score History
You have not taken this quiz since the last reset